000 00644nam a2200277Ia 4500
005 20260324141144.0
008 008 260324s9999 xx 000 0 eng d
020 _a9780429171154
037 _aEBOOK
040 _aCRL
040 _beng
040 _cCRL
041 _2eng
041 _aeng
084 _qCRL
100 _aPeter Cameron
_91207131
245 0 _aGood Pharmaceutical Freeze-Drying Practice
260 _bTaylor and Francis
260 _c1997
365 _a
365 _b340
856 _uhttp://www.taylorfrancis.com/books/9780429171154
942 _cEBOOK
999 _c1809915
_d1809915